| 000 | 00375nam a22001577a 4500 | ||
|---|---|---|---|
| 003 | OSt | ||
| 005 | 20260409061927.0 | ||
| 008 | 260409b |||||||| |||| 00| 0 eng d | ||
| 040 | _cDLC | ||
| 050 |
_a242 _bJ25H |
||
| 082 |
_a242 _bJ25H |
||
| 245 |
_aThe Harvest _cby T. D. Jakes |
||
| 260 |
_aBakersfield: _bPneuma Life Publishing, _c1996. |
||
| 300 | _a81p. | ||
| 942 |
_2ddc _cBK |
||
| 999 |
_c11565 _d11565 |
||